Statistics for World Countries by Borders - One Minute Sprint

Click here to take the quiz!

General Stats

  • This quiz has been taken 3,297 times
  • The average score is 104 of 156

Answer Stats

COUNTRY% Correct
China
99%
Russia
99%
France
98%
Kazakhstan
97%
Mongolia
97%
North Korea
97%
Pakistan
97%
Poland
97%
Afghanistan
96%
Azerbaijan
96%
Brazil
96%
Burma
96%
India
96%
Bhutan
95%
Nepal
95%
Ukraine
95%
Belarus
94%
Finland
94%
Georgia
94%
Lithuania
94%
Norway
94%
Germany
93%
Latvia
93%
Suriname
93%
Estonia
92%
Laos
92%
Switzerland
92%
Tajikistan
92%
Kyrgyzstan
91%
Spain
91%
Vietnam
91%
Argentina
90%
Austria
90%
Bolivia
90%
Mexico
90%
Colombia
89%
Paraguay
89%
Peru
89%
United States
89%
Uruguay
88%
Belgium
87%
Luxembourg
87%
Netherlands
87%
Venezuela
86%
Canada
85%
Guyana
85%
Italy
85%
Central African Republic
84%
Czech Republic
84%
South Sudan
83%
Democratic Republic of the Congo
82%
Libya
82%
Andorra
80%
Zambia
80%
Republic of the Congo
79%
Tanzania
79%
Angola
77%
Cameroon
77%
Sudan
77%
Uganda
77%
United Kingdom
77%
Iraq
76%
Niger
76%
Turkey
76%
Iran
75%
Rwanda
75%
Bangladesh
74%
Burundi
74%
Chad
73%
Denmark
73%
Algeria
72%
Morocco
72%
Mali
71%
Hungary
70%
Namibia
70%
Slovenia
70%
Mozambique
69%
Botswana
68%
Monaco
68%
Zimbabwe
68%
Armenia
67%
Bulgaria
67%
South Africa
67%
Turkmenistan
66%
Jordan
65%
Slovakia
65%
Chile
64%
Saudi Arabia
64%
Guatemala
63%
Ireland
63%
Mauritania
62%
Romania
62%
Swaziland
62%
Burkina Faso
61%
Lesotho
61%
Egypt
60%
Gabon
60%
Greece
60%
Malaysia
60%
Kuwait
59%
Serbia
59%
Nigeria
58%
Syria
58%
Belize
57%
Macedonia
57%
Oman
56%
United Arab Emirates
56%
Ethiopia
54%
Qatar
54%
Indonesia
53%
San Marino
53%
Vatican City
53%
Yemen
53%
Portugal
52%
Croatia
51%
Montenegro
49%
Thailand
49%
Côte d'Ivoire
48%
East Timor
48%
Papua New Guinea
48%
Israel
47%
Benin
46%
Ecuador
46%
Kenya
46%
Senegal
46%
Cambodia
45%
Costa Rica
45%
Guinea
45%
Kosovo
45%
Panama
45%
Eritrea
44%
Honduras
44%
Bosnia and Herzegovina
43%
Albania
42%
Sweden
42%
Tunisia
42%
Uzbekistan
41%
Nicaragua
39%
Somalia
39%
El Salvador
38%
Moldova
38%
Liechtenstein
34%
Djibouti
32%
Malawi
30%
Togo
28%
Dominican Republic
27%
Ghana
27%
Haiti
27%
Brunei
24%
Guinea-Bissau
24%
Lebanon
24%
South Korea
23%
Gambia
20%
Liberia
18%
Sierra Leone
17%
Equatorial Guinea
14%

Score Distribution

Percentile by Number Answered

Percent of People with Each Score

Your Score History

You have not taken this quiz